LIBRARY & INFORMATION CENTRE, KCAET, TAVANUR

ONLINE PUBLIC ACCESS CATALOGUE (OPAC)

Value Addition & Postharvest Techniques (Record no. 17436)

MARC details
000 -LEADER
fixed length control field 00420nam a22001577a 4500
003 - CONTROL NUMBER IDENTIFIER
control field OSt
008 - FIXED-LENGTH DATA ELEMENTS--GENERAL INFORMATION
fixed length control field 210915b ||||| |||| 00| 0 eng d
020 ## - INTERNATIONAL STANDARD BOOK NUMBER
ISBN 9789387973459
082 ## - DEWEY DECIMAL CLASSIFICATION NUMBER
Classification number 635
Item number TYA/VA
245 ## - TITLE STATEMENT
Title Value Addition & Postharvest Techniques
260 ## - PUBLICATION, DISTRIBUTION, ETC. (IMPRINT)
Place of publication New Delhi
Name of publisher New India Publishing Agency
Year of publication 2019
300 ## - PHYSICAL DESCRIPTION
Number of Pages 148 Pages
490 ## - SERIES STATEMENT
Series statement Hi- Horticulture Vol. 5
700 ## - ADDED ENTRY--PERSONAL NAME
Personal name Tyagi, Sachin
942 ## - ADDED ENTRY ELEMENTS (KOHA)
Koha item type Books
Holdings
Withdrawn status Lost status Damaged status Home library Current library Shelving location Date acquired Cost, normal purchase price Full call number Accession Number Koha item type
      KAUAET KAUAET NAHEP-CAAST Project 07/09/2021 2700.00 635 TYA/VA 26037 Books
free website counter